000 00690nam a2200217Ia 4500
005 20260704175958.0
008 260704s9999||||xx |||||||||||||| ||und||
020 _a9788176710619
_qpbk
082 _a808.027
_bMOD
100 _aModern Language Association of America
245 0 _aMLA handbook for writers of research papers [7th ed.]
250 _a7th ed.
260 _aNew Delhi
_bAffiliated East-West Press
_c2009
300 _axxi, 292p. ; 23cm.
653 _aAuthorship Style manuals
653 _aHandbooks and manuals
653 _aHandbooks and manuals
653 _aReport writing--Handbooks, manuals, etc
653 _aResearch Handbooks, manuals, etc
942 _cBK
999 _c57394
_d57394